Harry Potter Alias/Nickname Game - Statistics

General Stats
  • This quiz has been taken 41 times
    30 since last reset
  • The average score is 20 of 26
Answer Stats
Hint Answer % Correct
The Boy Who Lived Harry Potter
100%
The Chosen One Harry Potter
100%
Wormtail Peter Pettigrew
100%
Ron Ronald Weasley
100%
Padfoot Sirius Black
100%
Prongs James Potter
96%
Moony Remus Lupin
96%
The Half-Blood Prince Severus Snape
96%
Lord Voldemort Tom Riddle
96%
RAB Regulus Black
93%
Bill William Weasley
93%
Loony Luna Lovegood
89%
Scabbers Peter Pettigrew
89%
Slytherin's Monster The Basilisk
89%
Ginny Ginevra Weasley
85%
The Dark Lord Tom Riddle
85%
You-Know-Who Tom Riddle
85%
Roonil Wazlib Ron Weasley
81%
Grawpy Grawp
70%
Ickle Diddikins Dudley Dursley
67%
Weatherby Percy Weasley
56%
Tuney Petunia Evans
37%
Barny Weasley Harry Potter
33%
Dragomir Despard Ron Weasley
30%
Stan Shunpike Ron Weasley
26%
Goblin-Crusher Cornelius Fudge
22%
No matching quizzes found
Score Distribution
Percent of People with Each Score
Percentile by Number Answered
Your Score History
You have not taken this quiz since the last reset